LEADER 01060nam a2200217 i 4500 001 000000218266 003 CaOOAMICUS 005 20130122000000.0 008 130122s1761 xx u000 u fre u 013 $a197163 026 $a03A- s?n- udem sede (3) 1761 (R) 040 $aSeMil$bita 245 10$aTome second. Contenant Divers traités: savoir, des contrats de vente & d'achat, de celui de rentes: du contrat de change: .. 300 $a[4], iv, 536 p. 500 $aSegn. : pi greco2 a4(-a4) A-Y12 Z4. 773 0 $aJuénin, Gaspard <1650-1713>$tRésolutions de cas de conscience, sur la vertu de justice et d'équité. Tome premier [-quatriéme].$dA Paris : Chez Ganeau, ... Herissant, ... Savoye, 1761.$g2$w()27955 850 $aSeMil 852 $aSeMil$W1$xVenegono$y1$m2F I 64 FA$j168676$B168676$CSeMilBibl$Z2$F179562 $8I 941 1 $a10 961 $aRecupero: Mantegazza 996 $6245$aTome second. Contenant Divers traités: savoir, des contrats de vente & d'achat, de celui de rentes: du contrat de change: ..$9(OLS)http://semarc/title/313449 LEADER 01378nam a2200325 i 4500 001 000000111446 003 CaOOAMICUS 005 20030121000000.0 008 030121s1994 it u000 u ita u 013 $a84128 020 $a88-8078-087-5 040 $aSeMil$bita 100 1 $aMeskos, Arsenio.$0(OLS)http://semarc/name/46718 240 13$aHe hagioteta kai ho politismos tes plerophorias.$0(OLS)http://semarc/title/162229 245 10$aSantità e civiltà dell'informazione /$cArchimandrita Arsenio Meskos. 260 $aSchio (VI) :$bInterlogos,$ccopyr. 1994. 260 $aMilano :$bCENS,$ccopyr. 1994. 300 $a254 p. :$bill. ;$c21 cm. 490 0 $aEcumene ;$v4 500 $aContiene : Bibliografia. - Fondo Card. C.M. Martini. 650 4$aProgresso tecnico - Concezione cristiana.$0(OLS)http://semarc/subject/19969 830 0$aEcumene ;$v4.$0(OLS)http://semarc/title/10294 850 $aSeMil 852 $aSeMil$W1$xVenegono$y1$m2K I 14$j67280$B67280$CSeMilBibl$Z2$F101747 $81 941 1 $a4 961 $aOmaggio: Martini Card. Carlo Maria 996 $6020$a88-8078-087-5$9(OLS)http://semarc/number/93623 996 $6245$aSantità e civiltà dell'informazione$9(OLS)http://semarc/title/162228 996 $6260$aMilano :$bCENS$9(OLS)http://semarc/publisher/32107 996 $6260$aSchio (VI) :$bInterlogos$9(OLS)http://semarc/publisher/33664